FINANCIAL MARKETS AND INSTITUTIONS (Record no. 86439)
[ view plain ]
| 000 -LEADER | |
|---|---|
| fixed length control field | 00249nam a2200097Ia 4500 |
| 050 ## - LIBRARY OF CONGRESS CALL NUMBER | |
| Classification number | HG 3881 .M 57 2003 |
| 100 ## - MAIN ENTRY--PERSONAL NAME | |
| Personal name | MISHKIN,FREDERIC S. |
| 245 #0 - TITLE STATEMENT | |
| Title | FINANCIAL MARKETS AND INSTITUTIONS |
| 942 ## - ADDED ENTRY ELEMENTS (KOHA) | |
| Koha item type | Long Loan Book |
| Withdrawn status | Lost status | Source of classification or shelving scheme | Damaged status | Not for loan | Collection | Home library | Current library | Shelving location | Date acquired | Inventory number | Total checkouts | Full call number | Barcode | Date last seen | Copy number | Price effective from | Koha item type |
|---|---|---|---|---|---|---|---|---|---|---|---|---|---|---|---|---|---|
| Library of Congress Classification | Business & Economics | Kisii University Library | Kisii University Library | On Display | 10/29/2024 | 0079 | HG 181 .M54 2007 | 000000016998 | 10/29/2024 | c.3 | 10/29/2024 | Long Loan Book |